Cenové rozhodovanie podniku v súčasných ekonomických podmienkach diplomová práca

Guardado en:
Detalles Bibliográficos
Autor principal: Klementová, Veronika
Autor Corporativo: Fakulta podnikového manažmentu EU. Katedra podnikovohospodárska
Otros Autores: Fendeková, Eleonora, 1952-
Formato: Libro
Lenguaje:eslovaco
Publicado: Bratislava 2017
Etiquetas: Agregar Etiqueta
Sin Etiquetas, Sea el primero en etiquetar este registro!

MARC

LEADER 00000nbm a2200000 4500
001 0244587
005 20240917080802.6
041 0 |a slo 
044 |a SK 
245 1 0 |a Cenové rozhodovanie podniku v súčasných ekonomických podmienkach  |b diplomová práca  |c Veronika Klementová ; školiteľ: Eleonora Fendeková 
264 1 |a Bratislava  |c 2017 
300 |a 67 s. 
100 1 |a Klementová, Veronika 
700 1 |a Fendeková, Eleonora, 1952- 
710 2 |a Fakulta podnikového manažmentu EU. Katedra podnikovohospodárska